CRM ako nástroj budovania vzťahov so zákazníkmi v podmienkach malého alebo stredného podniku bakalárska práca

Saved in:
Bibliographic Details
Main Author: Holická, Zuzana
Corporate Author: Fakulta podnikového manažmentu EU. Katedra manažmentu
Other Authors: Čambalíková, Andrea, 1990-
Format: Book
Language:Slovak
Published: Bratislava 2017
Tags: Add Tag
No Tags, Be the first to tag this record!

MARC

LEADER 00000nbm a2200000 4500
001 0232378
005 20171215124431.6
041 0 |a slo 
044 |a SK 
245 1 0 |a CRM ako nástroj budovania vzťahov so zákazníkmi v podmienkach malého alebo stredného podniku  |b bakalárska práca  |c Zuzana Holická ; školiteľ: Andrea Čambalíková 
264 1 |a Bratislava  |c 2017 
300 |a 58 s. 
100 1 |a Holická, Zuzana 
700 1 |a Čambalíková, Andrea, 1990- 
710 2 |a Fakulta podnikového manažmentu EU. Katedra manažmentu